Loading...
| Science - Biology | 0 | 8 | 0 | 2 | 80 | 39 | 69.50 | 2 | 5 | 32.28 | 48.36 |
| Social Science | 0 | 3 | 0 | 0 | 30 | 33 | 43.67 | 1 | 3 | 17.33 | 21.16 |
| Geography/Current Events | 0 | 3 | 0 | 1 | 30 | 62 | 94.33 | 1 | 1 | 12.26 | 26.82 |
| History - European | 0 | 3 | 0 | 0 | 30 | 63 | 76.00 | 0 | 0 | 10.06 | 10.00 |
| History - World | 0 | 3 | 0 | 1 | 30 | 66 | 83.67 | 0 | 2 | 8.95 | 18.41 |
| Religion | 0 | 3 | 0 | 0 | 30 | 39 | 50.33 | 2 | 3 | 16.52 | 24.55 |
| Literature - American | 0 | 2 | 0 | 0 | 20 | 88 | 113.00 | 0 | 1 | 3.64 | 8.64 |
| Science - Chemistry | 0 | 2 | 0 | 0 | 20 | 69 | 78.00 | 0 | 0 | 5.94 | 8.18 |
| Literature - World/Other | 0 | 2 | 0 | 0 | 20 | 74 | 91.00 | 0 | 0 | 6.68 | 11.82 |
| Philosophy | 0 | 2 | 0 | 0 | 20 | 58 | 79.50 | 1 | 1 | 6.30 | 10.81 |
| History - American | 0 | 2 | 0 | 1 | 20 | 118 | 119.50 | 0 | 0 | 0.15 | 5.96 |
| Literature - European | 0 | 2 | 1 | 0 | 15 | 130 | 131.50 | 0 | 0 | 0.14 | 4.55 |
| Fine Arts - Other | 0 | 1 | 0 | 0 | 10 | 74 | 74.00 | 0 | 1 | 4.61 | 7.27 |
| Fine Arts - Visual | 0 | 0 | 1 | 0 | -5 | 0.00 | 0 | 0 | 0.00 | 0.00 |